Applied Drilling Engineering / (Record no. 3879)

MARC details
000 -LEADER
fixed length control field 00772nac a22002291u 4500
008 - FIXED-LENGTH DATA ELEMENTS--GENERAL INFORMATION
fixed length control field 091115t xxu||||| |||| 00| 0 eng d
010 ## - LIBRARY OF CONGRESS CONTROL NUMBER
LC control number 86211107
020 ## - INTERNATIONAL STANDARD BOOK NUMBER
International Standard Book Number 1555630014
020 ## - INTERNATIONAL STANDARD BOOK NUMBER
International Standard Book Number 9781555630010
082 00 - DEWEY DECIMAL CLASSIFICATION NUMBER
Classification number 622.3381
Item number DRI
Edition number 22
100 ## - MAIN ENTRY--PERSONAL NAME
Personal name 20080729
9 (RLIN) 9357
245 00 - TITLE STATEMENT
Title Applied Drilling Engineering /
Statement of responsibility, etc Adam T. Bourgoyne, Jr. ... [et al.].
260 ## - PUBLICATION, DISTRIBUTION, ETC. (IMPRINT)
Place of publication, distribution, etc Richardson, TX :
Name of publisher, distributor, etc Society of Petroleum Engineers,1986
Date of publication, distribution, etc 1986.
300 ## - PHYSICAL DESCRIPTION
Extent 502 p. :
Other physical details ill. ;
Dimensions 29 cm.
490 1# - Series Statement
Series statement SPE textbook series ;
Volume/sequential designation vol. 2
504 ## - BIBLIOGRAPHY, ETC. NOTE
Bibliography, etc Includes bibliographies and indexes.
650 #0 - SUBJECT ADDED ENTRY--TOPICAL TERM
Topical term or geographic name as entry element Oil well drilling.
9 (RLIN) 9358
Source of heading or term BUEsh
651 ## - SUBJECT ADDED ENTRY--GEOGRAPHIC NAME
Source of heading or term BUEsh
700 1# - ADDED ENTRY--PERSONAL NAME
Personal name Bourgoyne, Adam T.
9 (RLIN) 9359
830 #0 - SERIES ADDED ENTRY--UNIFORM TITLE
Uniform title SPE textbook series ;
9 (RLIN) 9360
942 ## - ADDED ENTRY ELEMENTS (KOHA)
Item type Book - Borrowing
Call number prefix 622.3381 DRI
Source of classification or shelving scheme Dewey Decimal Classification
Holdings
Withdrawn status Item status Source of classification or shelving scheme Damaged status Not for loan Vendor Home library Current library Shelving location Date acquired Source of acquisition Total Checkouts Total Renewals Full call number Barcode Date last seen Date last borrowed Koha item type Materials specified (bound volume or other part)
    Dewey Decimal Classification       Central Library Central Library First floor 26/07/2007   17 143 622.338 APP 000030435 15/07/2025 09/10/2023 Book - Borrowing  
    Dewey Decimal Classification     Baccah Central Library Central Library First floor 15/11/2009   10 56 622.338 APP 000018789 15/07/2025 11/02/2018 Book - Borrowing  
  Lost Dewey Decimal Classification     Baccah Central Library Central Library First floor 15/11/2009   3 6 622.338 APP 000018788 23/06/2013 20/09/2012 Book - Borrowing Lost In Inventory_2015-8-23
    Dewey Decimal Classification     Baccah Central Library Central Library First floor 15/11/2009   1   622.338 APP 000018786 15/07/2025 12/12/2010 NB - Book (Non borrowing)  
    Dewey Decimal Classification       Central Library Central Library First floor 15/11/2009   16 97 622.338 APP 000018787 15/07/2025 03/06/2021 Book - Borrowing